LEADER 00886nam a2200193 i 4500 001 000000223597 003 CaOOAMICUS 005 20131016000000.0 008 131016s1825 it u000 u ita u 013 $a202494 026 $aO,r- a,n- i-ra (Ita (7) 1825 (A) 040 $aSeMil$bita 245 10$aIstituzioni di metafisica di Francesco Soave ch. reg. som. regio professore. Parte prima. 300 $a300 p. 773 0 $aSoave, Francesco <1743-1806>$tIstituzioni di logica, metafisica ed etica [di Francesco Soave]. Volume 1. [-5].$dVenezia : Ed. Antonio Cordella, 1822-1825.$g3$w()28896 850 $aSeMil 852 $aSeMil$W1$xVenegono$y1$m2Q I 78 FA$j173943$B173943$CSeMilBibl$Z2$F184200 $8I 961 $aRecupero: Seminario del Duomo 996 $6245$aIstituzioni di metafisica di Francesco Soave ch. reg. som. regio professore. Parte prima$9(OLS)http://semarc/title/320604 LEADER 01729nam a2200313 i 4500 001 000000025065 003 CaOOAMICUS 005 20240222115601.0 008 180830s18121814it u000 u ita u 040 $aSeMil$bita 100 1 $aAriosto, Ludovico,$d<1474-1533>.$0(OLS)http://semarc/name/1232 240 10$aOrlando furioso.$0(OLS)http://semarc/title/10084 245 10$aOrlando furioso di messer Lodovico Ariosto. Volume 1.[-5]. 264 1$aMilano :$bSoc. Tip. de' Classici Italiani, contrada del Cappuccio,$c1812-1814. 300 $a4 v. ;$c8°. 490 1 $aEdizione delle opere classiche italiane 500 $aNell'antip. del vol. 1 e 5 : Ritratto dell'autore disegnato e inciso da G. Benaglia. 650 4$aAriosto, Ludovico <1474-1533> . Orlando furioso.$0(OLS)http://semarc/subject/2204 700 1 $aBenaglia, Giuseppe .$0(OLS)http://semarc/name/11102 710 2 $aSocietà Tipografica de' Classici Italiani$c.$0(OLS)http://semarc/name/558 774 0 $tVol. 1.$kEdizione delle opere classiche italiane$g1$w()75254 774 0 $tVol. 2.$kEdizione delle opere classiche italiane$g2$w()202786 774 0 $tVol. 3.$kEdizione delle opere classiche italiane$g3$w()202788 774 0 $tVol. 4.$kEdizione delle opere classiche italiane$g4$w()202789 774 0 $tVol. 5.$kEdizione delle opere classiche italiane$g5$w()202790 830 0$aEdizione delle opere classiche italiane.$0(OLS)http://semarc/title/33675 996 $6245$aOrlando furioso di messer Lodovico Ariosto. Volume 1.[-5]$9(OLS)http://semarc/title/33753 996 $6264$aMilano :$bSoc. Tip. de' Classici Italiani, contrada del Cappuccio$9(OLS)http://semarc/publisher/36323